Особенности разработки многопользовательского клиент-серверного приложения на графическом движке Unity 2D; Молодежь и современные информационные технологии; Т. 2

Podrobná bibliografie
Parent link:Молодежь и современные информационные технологии: сборник трудов XII Всероссийской научно-практической конференции студентов, аспирантов и молодых ученых, г. Томск, 12-14 ноября 2014 г./ Национальный исследовательский Томский политехнический университет (ТПУ), Институт кибернетики (ИК) ; ред. кол. Е. А. Сикора [и др.].— , 2014
Т. 2.— 2014.— [С. 134-135]
Korporativní autor: Национальный исследовательский Томский политехнический университет (ТПУ) Институт кибернетики (ИК) Кафедра вычислительной техники (ВТ)
Další autoři: Иванцов В. В., Зиганшин А. Т., Катышева Т. М., Хаустов П. А. Павел Александрович
Shrnutí:Заглавие с титульного экрана
Jazyk:ruština
Vydáno: 2014
Edice:Информационные технологии в производстве и управлении
Témata:
On-line přístup:http://earchive.tpu.ru/handle/11683/20263
http://www.lib.tpu.ru/fulltext/c/2014/C04/V2/060.pdf
Médium: Elektronický zdroj Kapitola
KOHA link:https://koha.lib.tpu.ru/cgi-bin/koha/opac-detail.pl?biblionumber=610840

MARC

LEADER 00000naa2a2200000 4500
001 610840
005 20231101132628.0
035 |a (RuTPU)RU\TPU\conf\8473 
035 |a RU\TPU\conf\8460 
090 |a 610840 
100 |a 20150205d2014 k y0rusy50 ca 
101 0 |a rus 
102 |a RU 
105 |a y z 101zy 
135 |a drcn ---uucaa 
181 0 |a i  
182 0 |a b 
200 1 |a Особенности разработки многопользовательского клиент-серверного приложения на графическом движке Unity 2D  |f В. В. Иванцов, А. Т. Зиганшин, Т. М. Катышева, П. А. Хаустов 
203 |a Текст  |c электронный 
225 1 |a Информационные технологии в производстве и управлении 
230 |a 1 компьютерный файл (pdf; 234 Kb) 
300 |a Заглавие с титульного экрана 
320 |a [Библиогр.: с. 135 (4 назв.)] 
337 |a Adobe Reader 
461 1 |0 (RuTPU)RU\TPU\conf\7802  |t Молодежь и современные информационные технологии  |o сборник трудов XII Всероссийской научно-практической конференции студентов, аспирантов и молодых ученых, г. Томск, 12-14 ноября 2014 г.  |o в 2 т.  |f Национальный исследовательский Томский политехнический университет (ТПУ), Институт кибернетики (ИК) ; ред. кол. Е. А. Сикора [и др.]  |d 2014 
463 0 |0 (RuTPU)RU\TPU\conf\7813  |t Т. 2  |v [С. 134-135]  |d 2014 
610 1 |a труды учёных ТПУ 
610 1 |a электронный ресурс 
610 1 |a разработки 
610 1 |a многопользовательские приложения 
610 1 |a клиент-серверные приложения 
610 1 |a графические движки 
610 1 |a Unity 2D 
610 1 |a компьютерные игры 
610 1 |a игровые приложения 
701 1 |a Иванцов  |b В. В. 
701 1 |a Зиганшин  |b А. Т. 
701 1 |a Катышева  |b Т. М. 
701 1 |a Хаустов  |b П. А.  |c российский ученый, специалист в области информационных систем  |c заведующий лабораторией Томского политехнического университета  |f 1990-  |g Павел Александрович  |2 stltpush  |3 (RuTPU)RU\TPU\pers\30104 
712 0 2 |a Национальный исследовательский Томский политехнический университет (ТПУ)  |b Институт кибернетики (ИК)  |b Кафедра вычислительной техники (ВТ)  |h 126  |2 stltpush  |3 (RuTPU)RU\TPU\col\18699 
801 2 |a RU  |b 63413507  |c 20210322  |g RCR 
856 4 |u http://earchive.tpu.ru/handle/11683/20263 
856 4 |u http://www.lib.tpu.ru/fulltext/c/2014/C04/V2/060.pdf 
942 |c BK